000 00640cab a2200229 4500
001 ABS51508
008 090401t1994 xxu||||| |||| 00| 0 eng d
035 _a(Sirsi) u30992
041 _aeng
245 _aBuilding study: stadium with a swagger
260 _c1994
350 _a0
490 _aArchitects` Journal
_v200(16) 27 October 1994, 27-33(7)
520 _aThe Alfred McAlpine Stadium, Huddersfield.
650 _aBUILT ENVIRONMENT-BUILDING COSTS
650 _aFOOTBALL STADIA
650 _aRUGBY STADIA
650 _aSPORTS STADIA
690 _aBUILDING AND CONSTRUCTION-PROJECTS
942 _n0
948 _c04/03/1997
999 _c20846
_d20846